180 kiểu nhà mỹ thuật phù hợp với phong thổ Việt Nam /

Cuốn sách bao gồm 96 kiểu nhà thành thị, 74 kiểu nhà nông thôn và 10 kiểu nhà nghỉ mát giúp cho các bạn chọn cho mình một mẫu nhà đẹp.....

Zapisane w:
Opis bibliograficzny
1. autor: Nguyễn Minh Dũng.
Format: Książka
Język:Vietnamese
Wydane: Tp.HCM : Mỹ thuật, 2000.
Hasła przedmiotowe:
Etykiety: Dodaj etykietę
Nie ma etykietki, Dołącz pierwszą etykiete!
Thư viện lưu trữ: Mạng thư viện Đại học Đà Nẵng
LEADER 01041cam a2200349 i 4500
001 000043505
003 1479
005 20030930104006.0
008 010305b2000 vm 000 vie
020 |c 63000 
022 |a T 
040 |a IRC  |c IRC  |d IRC 
041 0 |a vie 
082 1 4 |a 728  |b NG-D 
100 1 |a Nguyễn Minh Dũng. 
245 0 0 |a 180 kiểu nhà mỹ thuật phù hợp với phong thổ Việt Nam /  |c Nguyễn Minh Dũng. 
260 |a Tp.HCM :  |b Mỹ thuật,  |c 2000. 
300 |a 376tr. ;  |c 27cm. 
520 3 |a Cuốn sách bao gồm 96 kiểu nhà thành thị, 74 kiểu nhà nông thôn và 10 kiểu nhà nghỉ mát giúp cho các bạn chọn cho mình một mẫu nhà đẹp..... 
630 0 4 |a Việt Nam. 
630 0 4 |a Nhà Mỹ thuật. 
650 0 4 |a Kiến trúc. 
OWN |a DUT 
999 |a From the UDN01 
TYP |a Monograph 
TYP |a Printed language 
980 |a Mạng thư viện Đại học Đà Nẵng